[Event "Bundesliga 0506"]
[Site "Germany"]
[Date "2006.03.11"]
[Round "12.1"]
[White "Macieja, Bartlomiej"]
[Black "Vogt, Lothar"]
[Result "1-0"]
[WhiteElo "2592"]
[BlackElo "2484"]
[Annotator "Kritz,L"]
[PlyCount "121"]
[EventDate "2005.10.21"]
[EventType "team-tourn"]
[EventRounds "15"]
[EventCountry "GER"]
[SourceTitle "CBM 112"]
[Source "ChessBase"]
[SourceDate "2006.06.07"]
[SourceVersion "1"]
[SourceVersionDate "2006.06.07"]
[SourceQuality "1"]
[WhiteTeam "Wattenscheid"]
[BlackTeam "Leipzig Gohlis"]
[WhiteTeamCountry "GER"]
[BlackTeamCountry "GER"]

1. e4 c5 2. Nf3 Nc6 3. Bb5 d6 4. d4 (4. O-O {gilt hier als Hauptzug} Bd7 5. Re1
Nf6 6. c3 a6 7. Bf1 Bg4 8. d3 e6 (8... g6 $5 9. Nbd2 Bg7 10. h3 Bxf3 11. Nxf3
O-O 12. Be3 $14) 9. Nbd2 Be7 10. h3 Bh5 $13) 4... cxd4 5. Qxd4 (5. Nxd4 Bd7 6.
Nc3 (6. Bxc6 bxc6 7. f4 g6 8. O-O Bg7 $13) (6. c4 Nf6 7. Nc3 g6 8. O-O Bg7 $13)
6... Nf6 7. O-O g6 {und man kommt in die Drachenstellungen mit unnötigem Zug
Bb5.}) 5... Bd7 (5... Qa5+ 6. Nc3 Qxb5 7. Nxb5 Nxd4 8. Nfxd4 Kd8 9. a4 Nf6 10.
f3 $14 {Weiß will Be3 spielen und danach versuchen mittels Nde2-a5 auf dem
Damenflügel Initiative zu entwickeln.}) 6. Bxc6 Bxc6 7. Nc3 (7. c4 Nf6 (7... f5
8. exf5 (8. Nc3 $2 e5 (8... fxe4 $5) 9. Qe3 fxe4 10. Nxe4 Nf6 $15 {hier kann
sich Schwarz sehr schnell entwickeln und sein Läufer auf c6 bekommt alle
Freiheiten der Welt.}) 8... Qa5+ 9. Nbd2 $1 {ein seltener aber für Schwarz
sehr unangenehmer Zug} (9. Nc3 Qxf5 10. Nd5 $5 e5 $1 (10... Bxd5 11. cxd5 Nf6
12. Qa4+ (12. Bg5 $5 Nxd5 13. O-O h6 14. Bh4 Kf7 {Swicarz - Hracek (Pardubice,
2003)} 15. Qc4 $5 $44) 12... Kf7 (12... Nd7 13. Qb5 $1 $16) (12... Qd7 13. Qb3
Qf5 14. Qb5+ (14. Qxb7 Qxd5 15. Qxd5 Nxd5 $11) 14... Qd7 15. Qd3 $1 $16) 13.
O-O Qxd5 (13... Nxd5 14. Qb3 $16) 14. Be3 $44) 11. Qd1 (11. Qe3 Bxd5 12. cxd5
Nf6 $11) 11... Rc8 (11... Qe4+ 12. Ne3 Nf6 13. O-O Be7 14. Ng5 Qg6 15. Ne6 Kf7
16. f4 $1 $16) 12. O-O Ne7 13. Be3 b5 $1 $13) 9... Qxf5 (9... Bxf3 10. b4 $1
Qxb4 (10... Qxf5 11. Nxf3 $16 {strategisch gesehen hat Weiß mit seinem Läufer
den einzigen Trumpf abgegeben}) 11. Rb1 Qxb1 (11... Qc5 12. Qxc5 dxc5 13. Nxf3
b6 14. Ng5 $16) (11... Qa5 12. Rb5 Qxa2 13. Nxf3 $16) 12. Nxb1 Bxg2 13. Rg1 Bc6
14. Rxg7 $1 Nf6 (14... Bxg7 15. Qxg7 $18) 15. Rg3 $16 {Stevic - Fercec (Zagreb,
2004)}) 10. O-O e5 11. Qe3 Qg6 (11... Nf6 12. Nd4 $14) (11... Be7 12. c5 $1
dxc5 13. Nxe5 $14) 12. b4 $1 a6 13. Bb2 (13. a4 Nf6 14. Bb2 {->13.Bb2} (14. b5
axb5 15. axb5 Rxa1 16. bxc6 bxc6 17. Nxe5 $1 Qh6 $1 18. Qxh6 gxh6 19. Nxc6 Bg7
$13 {Diese Komplikationen hat Weiß aber nicht nötig, da er nach 13.Bb2 besser
steht.})) 13... Nf6 14. a4 Be7 15. b5 Bxf3 (15... Bd7 16. Ba3 $1 O-O $2 17.
Nxe5 $1 $16) 16. Qxf3 $14 {Schwarz hat seine beste Figur tauschen müssen und
steht daher klar schlechter. Efimenko - Wang Yue (Moscow, 2006)}) 8. Nc3 e6 (
8... g6 {ist ebenfalls spielbar} 9. O-O Bg7 10. Qd3 O-O 11. Nd4 Nd7 $132) 9.
O-O (9. Bg5 Be7 10. Rd1 Qa5 11. O-O O-O $132) 9... Be7 10. b3 O-O 11. Bb2 a6
$132 {/\b5 Schwarz steht sehr solide.}) 7... Nf6 8. Bg5 e6 9. O-O-O Be7 10. Qd3
(10. Rhe1 {wird viel öfters gespielt, wobei der Turm auf der e-Linie keine
konkrete Funktion hat.} O-O 11. Qd2 Qa5 12. Kb1 Qa6 (12... Rfc8 13. Nd5 Qxd2
14. Nxe7+ Kf8 15. Rxd2 Kxe7 16. Red1 Rd8 17. e5 dxe5 18. Rxd8 Rxd8 19. Rxd8
Kxd8 20. Nxe5 Ke7 21. Nxc6+ bxc6 22. c4 $14) 13. Nd4 Rfc8 $132) 10... O-O (
10... Qa5 $5 {ist stärker, da sich Schwarz auch die Möglichkeit der langen
Rochade lässt.} 11. h4 h6 12. Bd2 (12. Bxf6 Bxf6 13. Nd4 O-O-O $1 (13... Be5 $5
$13 {verhindert f4.}) 14. f4 Qc5 15. Nxc6 Qxc6 $11) 12... Qa6 $1 13. Nd4 $1 (
13. Qxa6 bxa6 14. Rhe1 Ng4 15. Re2 O-O $15 {Dem schwarzen Läuferpaar hat Weiß
nichts entgegenzusetzen. Die Doppelbauer können nicht angegriffen werden,
insofern sind sie keine wirkliche Schwäche.}) 13... Qxd3 14. cxd3 Rc8 $11 {
Schwarz hat gleichwertiges Spiel.}) 11. Nd4 a6 $6 {Das ist zu langsam. Schwarz
muss versuchen, möglichst schnell zum Gegenspiel zu kommen.} (11... Qa5 $1 12.
h4 (12. f4 Rfd8 $5 13. Rhe1 Rac8 $132) 12... Rfc8 13. Kb1 Be8 $1 {/\b5 or
Rab8-b5}) 12. h4 Qc7 13. f4 Rfd8 14. f5 $1 {Schwarz hat zu langsam gespielt
und bekommt Schwierigkeiten.} e5 (14... Bd7 $5 15. h5 h6 16. fxe6 fxe6 17. Bd2
$14) 15. Bxf6 $1 Bxf6 16. Nde2 {Hier steht der Springer etwas besser als auf
f3, da er manchmal die Möglichkeit hat, über c3 nach d5 zu kommen (nachdem der
erste Springer gegen den weißfeldrigen Läufer getauscht wird).} (16. Nf3 Rac8
17. Rd2 b5 18. Kb1 Qa5 19. g4 $14 {ist auch gut}) 16... Rac8 17. Rd2 (17. g4 $2
d5 $1 18. exd5 Bxd5 19. Nxd5 Rxd5 20. Qe4 Rc5 21. c3 Rc4 $15) 17... Qa5 18. g4
$40 {Man sieht, dass der weiße Angriff schneller aufrollt. Es droht g5 und
anschließend f6.} b5 19. g5 Be7 20. f6 Bf8 21. fxg7 Bxg7 22. Kb1 b4 23. Nd5
Bxd5 24. Qxd5 Qxd5 25. Rxd5 Rc4 26. Ng3 Rd4 27. Rf1 Rc8 28. b3 Rc5 29. Rxd4
exd4 30. Nf5 Re5 31. Nxd6 Bf8 32. Nxf7 Rxe4 33. h5 Rh4 34. h6 Be7 35. Ne5 Re4
36. Rf5 Re1+ 37. Kb2 Rg1 38. Nf3 Rg2 39. Kc1 Rf2 40. Kd1 d3 41. cxd3 Rxa2 42.
Nd2 a5 43. d4 a4 44. bxa4 Rxa4 45. Rb5 Ra2 46. Ke2 Kf7 47. Ke3 b3 48. Nf3 b2
49. Rb6 Bd8 50. Rb7+ Kg6 51. Kf4 Ra4 52. Ne5+ Kh5 53. g6 hxg6 54. h7 Bg5+ 55.
Ke4 Ra8 56. Rxb2 Bh4 57. Nf7 Bf6 58. Rh2+ Kg4 59. h8=Q Bxh8 60. Rxh8 Ra1 61.
Ne5+ 1-0

[Event "HUN-ch 56th"]
[Site "Szekesfehervar"]
[Date "2006.03.04"]
[Round "4"]
[White "Sax, Gyula"]
[Black "Szabo, Krisztian"]
[Result "1/2-1/2"]
[WhiteElo "2539"]
[BlackElo "2447"]
[Annotator "Kritz,L"]
[PlyCount "36"]
[EventDate "2006.03.01"]
[EventType "tourn"]
[EventRounds "9"]
[EventCountry "HUN"]
[EventCategory "13"]
[SourceTitle "CBM 112"]
[Source "ChessBase"]
[SourceDate "2006.06.07"]
[SourceVersion "1"]
[SourceVersionDate "2006.06.07"]
[SourceQuality "1"]

1. e4 c5 2. Nf3 d6 3. d4 cxd4 4. Qxd4 Nc6 (4... a6 {ist ebenfalls eine gute
Alternative} 5. Be3 (5. c4 Nc6 6. Qd2 g6 7. b3 Bg7 8. Nc3 (8. Bb2 Bxb2 9. Qxb2
Nf6 10. Nc3 Bg4 11. Nd2 O-O $15 {und schwarzen Felder im weißen Lager erweisen
sich schwächer als schwarzen Felder im schwarzen Lager}) 8... Bg4 9. Be2 Bxf3
$5 10. Bxf3 Bh6 11. Qd1 Bxc1 12. Rxc1 Nf6 13. O-O O-O $11) 5... Nc6 6. Qb6 Qxb6
7. Bxb6 Nf6 8. Nc3 Bg4 9. Be2 e6 10. O-O-O Rc8 11. Rhe1 Be7 12. h3 Bh5 $11) 5.
Bb5 Bd7 (5... Qa5+ 6. Nc3 Qxb5 7. Nxb5 Nxd4 8. Nfxd4 Kd8 9. a4 Nf6 10. f3 $14 {
Weiß will Be3 spielen und danach versuchen mittels Nde2-a5 auf dem Damenflügel
Initiative zu entwickeln.}) 6. Bxc6 Bxc6 7. Nc3 (7. c4 Nf6 (7... f5 8. exf5 (8.
Nc3 $2 e5 (8... fxe4 $5) 9. Qe3 fxe4 10. Nxe4 Nf6 $15 {hier kann sich Schwarz
sehr schnell entwickeln und sein Läufer auf c6 bekommt alle Freiheiten der
Welt.}) 8... Qa5+ 9. Nbd2 $1 {ein seltener aber für Schwarz sehr unangenehmer
Zug} (9. Nc3 Qxf5 10. Nd5 $5 e5 $1 (10... Bxd5 11. cxd5 Nf6 12. Qa4+ (12. Bg5
$5 Nxd5 13. O-O h6 14. Bh4 Kf7 {Swicarz - Hracek (Pardubice, 2003)} 15. Qc4 $5
$44) 12... Kf7 (12... Nd7 13. Qb5 $1 $16) (12... Qd7 13. Qb3 Qf5 14. Qb5+ (14.
Qxb7 Qxd5 15. Qxd5 Nxd5 $11) 14... Qd7 15. Qd3 $1 $16) 13. O-O Qxd5 (13... Nxd5
14. Qb3 $16) 14. Be3 $44) 11. Qd1 (11. Qe3 Bxd5 12. cxd5 Nf6 $11) 11... Rc8 (
11... Qe4+ 12. Ne3 Nf6 13. O-O Be7 14. Ng5 Qg6 15. Ne6 Kf7 16. f4 $1 $16) 12.
O-O Ne7 13. Be3 b5 $1 $13) 9... Qxf5 (9... Bxf3 10. b4 $1 Qxb4 (10... Qxf5 11.
Nxf3 $16 {strategisch gesehen hat Weiß mit seinem Läufer den einzigen Trumpf
abgegeben}) 11. Rb1 Qxb1 (11... Qc5 12. Qxc5 dxc5 13. Nxf3 b6 14. Ng5 $16) (
11... Qa5 12. Rb5 Qxa2 13. Nxf3 $16) 12. Nxb1 Bxg2 13. Rg1 Bc6 14. Rxg7 $1 Nf6
(14... Bxg7 15. Qxg7 $18) 15. Rg3 $16 {Stevic - Fercec (Zagreb, 2004)}) 10. O-O
e5 11. Qe3 Qg6 (11... Nf6 12. Nd4 $14) (11... Be7 12. c5 $1 dxc5 13. Nxe5 $14)
12. b4 $1 a6 13. Bb2 (13. a4 Nf6 14. Bb2 {->13.Bb2} (14. b5 axb5 15. axb5 Rxa1
16. bxc6 bxc6 17. Nxe5 $1 Qh6 $1 18. Qxh6 gxh6 19. Nxc6 Bg7 $13 {Diese
Komplikationen hat Weiß aber nicht nötig, da er nach 13.Bb2 besser steht.}))
13... Nf6 14. a4 Be7 15. b5 Bxf3 (15... Bd7 16. Ba3 $1 O-O $2 17. Nxe5 $1 $16)
16. Qxf3 $14 {Schwarz hat seine beste Figur tauschen müssen und steht daher
klar schlechter. Efimenko - Wang Yue (Moscow, 2006)}) 8. Nc3 e6 (8... g6 {
ist ebenfalls spielbar} 9. O-O Bg7 10. Qd3 O-O 11. Nd4 Nd7 $132) 9. O-O (9. Bg5
Be7 10. Rd1 Qa5 11. O-O O-O $132) 9... Be7 10. b3 O-O 11. Bb2 a6 $132 {/\b5
Schwarz steht sehr solide.}) 7... Nf6 8. Bg5 e6 9. O-O-O Be7 10. Qd3 (10. Rhe1
{wird viel öfters gespielt, wobei der Turm auf der e-Linie keine konkrete
Funktion hat.} O-O 11. Qd2 Qa5 12. Kb1 Qa6 (12... Rfc8 13. Nd5 Qxd2 14. Nxe7+
Kf8 15. Rxd2 Kxe7 16. Red1 Rd8 17. e5 dxe5 18. Rxd8 Rxd8 19. Rxd8 Kxd8 20. Nxe5
Ke7 21. Nxc6+ bxc6 22. c4 $14) 13. Nd4 Rfc8 $132) 10... Qa5 (10... O-O 11. h4
Qa5 {->10....Qa5}) 11. h4 O-O (11... h6 $5 {ist auch empfehlenswert} 12. Bd2 (
12. Bxf6 Bxf6 13. Nd4 O-O-O $1 (13... Be5 $5 $13 {verhindert f4.}) 14. f4 Qc5
15. Nxc6 Qxc6 $11) 12... Qa6 $1 13. Nd4 $1 (13. Qxa6 bxa6 14. Rhe1 Ng4 15. Re2
O-O $15 {Dem schwarzen Läuferpaar hat Weiß nichts entgegenzusetzen. Die
Doppelbauer können nicht angegriffen werden, insofern sind sie keine wirkliche
Schwäche.}) 13... Qxd3 14. cxd3 Rc8 $11 {Schwarz hat gleichwertiges Spiel.})
12. Nd4 Rfd8 (12... Rfc8 13. Kb1 Be8 $1 $132 {/\b5 or Rab8-b5}) 13. f4 Rac8 {
Schwarz baut sich klassisch auf. Gegen diesen Aufbau kann Weiß nicht viel
machen.} 14. f5 {Die einzige Möglichkeit, um Vorteil zu kämpfen. Anderen Plan
hat man hier nicht.} Bd7 $1 (14... e5 $2 15. Bxf6 Bxf6 16. Nde2 (16. Nb3 $5 Qc7
17. Rd2 $1 (17. g4 d5 18. exd5 Bxd5 19. Nxd5 Rxd5 20. Qe4 Rxd1+ 21. Rxd1 Bxh4
$15) 17... a5 18. a4 $1 $13) 16... b5 17. Kb1 b4 18. Nd5 Bxd5 19. Qxd5 Rc5 20.
Qd3 Rdc8 21. Rd2 $14 {/\g4-g5}) 15. Kb1 Qe5 $11 {Schwarz hat eine sehr solide
Stellung aufgebaut, Weiß hat kein Durchkommen.} 16. Nf3 Qa5 17. Nd4 Qe5 18. Nf3
Qa5 1/2-1/2

[Event "London Classic 4th"]
[Site "London"]
[Date "2012.12.04"]
[Round "4"]
[White "Carlsen, Magnus"]
[Black "Jones, Gawain C B"]
[Result "1-0"]
[WhiteElo "2848"]
[BlackElo "2644"]
[Annotator "Mekhitarian,K"]
[PlyCount "75"]
[EventDate "2012.12.01"]
[EventType "tourn"]
[EventRounds "9"]
[EventCountry "ENG"]
[EventCategory "21"]
[SourceTitle "CBM 152"]
[Source "ChessBase"]
[SourceDate "2013.01.15"]
[SourceVersion "1"]
[SourceVersionDate "2013.01.15"]
[SourceQuality "1"]

1. e4 c5 2. Nf3 d6 3. d4 cxd4 4. Qxd4 $5 {The Hungarian variation, that should
never be underestimated. Either a quick development or a Hedgehog-like setup
could be White's weapons here} a6 (4... Nc6 {the main line, naturally} 5. Bb5
Bd7 6. Bxc6 Bxc6 {and now White follows with Nc3-Bg5-0-0-0 or c4 straight away,
with a rich battle either way.}) 5. h3 $5 {A setup with Qe3, Be2, c4, Nc3 is
sought by White. A decision that proved to be very good, since Black's
troubles started already after his 15th move.} Nc6 6. Qe3 g6 7. c4 Bg7 8. Be2
Nf6 9. Nc3 O-O 10. O-O Nd7 11. Rb1 $1 {The expansion with b4 is always a good
plan, and when Black plays ...a5 to stop that (and also secure c5 for his N),
White gets the b5-square for the c3-N.} a5 (11... b6 {was another way to fight,
Bb7, Rc8 coming. Play could go like this:} 12. b4 Bb7 13. Rd1 Rc8 14. Na4 $5
$14 {and the b6-P will be slightly harassed.}) (11... Qb6 $5 {Possibly an
interesting novelty, forcing an early Q-exchange, that should work in Black's
favour.} 12. Nd5 Qxe3 13. Bxe3 Nf6 {And I feel Black is ok, with natural
developing moves coming}) 12. b3 Nc5 13. Bb2 f5 {This is part of Black's plan
- if he doesn't try this, White is just building up an advantage with Rfd1,
Nb5, and a3-b4 later.} 14. exf5 Bxf5 15. Rbd1 $14 {This is the kind of
position where Black has to be careful, since central files are open and both
black Ps are still there. Highly typical of the Accelerated Dragon's Maroczy
like positions. Personally, I like White's chances in these structures. It
just feels like Black's position is highly unstable and moves like Ba3, Ng5,
Nd5, Nb5 must be watched all the time.} a4 16. Ba3 $1 Qa5 (16... Bxc3 $6 {
a highly concrete decision, that should be considered and could go like this:}
17. Qxc3 Ne4 18. Qe3 $1 (18. Qc1 {would also be decent} axb3 19. axb3 Rxa3 20.
Qxa3 Nc3 {Even here, White claims a small edge with a simple move like 21.Rfe1,
because of Black's unstable central pawns and his open K} 21. Rfe1 $14) 18...
axb3 19. Bb2 {ideas like this should be considered, because it feels like 16...
Bxc3 should backfire somehow. Now g4 is a threat and in the event of 19...Rxa2,
then simply 20.Qb3, with huge compensation} Rxa2 20. Qxb3 $16) 17. Nb5 (17. b4
$5 {was attractive, but was probably not leading to much:} Nxb4 18. Bxb4 Qxb4
19. Nd5 Qa5 20. Nxe7+ Kh8 21. Nxf5 gxf5 $14 {Keeping the pieces in a tense
position with 17.Nb5 is always more interesting than doing this. Of course, 18.
..Rf6! may change the whole evaluation and induce White to choose this line
instead.}) 17... axb3 18. axb3 Qxa3 {White was claiming a small, comfortable
advantage already, but this looks drastic. I mean, Black is far from stable,
and he's not even going to take on b3. There will be some piece play, indeed.
But it doesn't look right.} (18... Rf6 $1 {This is what I'm talking about - if
Black wants to claim a good position, he has to do it in a concrete fashion,
which probably was the thought process that occurred to Gawain, but he
overestimated the Q-sacrifice and didn't consider this odd-looking R
activation (I would hardly take this move seriously while analysing during a
game)} 19. Bxc5 (19. b4 {leads to a crazy position as well:} Nxb4 20. Bxb4 Qxb4
21. Nc7 Qa5 22. Nxa8 Re6 $1 23. Qd2 Bc3 24. Qd5 Be4 $44 {and Black's strong
piece positioning (and a P) surely compensate for the exchange}) (19. Ng5 h6
20. g4 {would be another direct try to refute Black's idea} hxg5 21. gxf5 Rxf5
22. Bxc5 Re5 $13 {same idea, on the 5th rank now :)}) 19... Re6 $1 {The point,
now the e2-B becomes a target} 20. Qc1 Rxe2 21. Bd4 Nxd4 22. Nfxd4 Re5 $13) 19.
Nxa3 Rxa3 20. Nd2 $16 {Slowly White coordinates so as to exchange some pieces,
when Black's problems will become bigger and bigger} Bd4 21. Qg3 Be5 $6 (21...
Kg7 $5 {a small K-improvement was possible, maintaining some positional
pressure.}) 22. f4 {This 'weakness' also helps White to gain some space.} Bf6
23. Bg4 Nd4 24. Kh1 Bc2 25. Rde1 Kh8 26. Re3 h5 27. b4 $1 h4 (27... Nd3 $1 28.
Bd1 $1 {disturbing completely Black's harmony} h4 $1 (28... Nf5 29. Qxg6 Nxe3
30. Bxc2 Nxc2 31. Ne4 $18 {and the material advantage becomes a deadly attack})
29. Qxg6 Nf2+ 30. Rxf2 Bxg6 31. Rxa3 {also good for White, but perhaps the
most stubborn idea.}) 28. Qf2 Nd3 29. Qg1 $18 {Now everything is hanging and
Ne4 is a very strong threat.} Nf5 30. Bxf5 gxf5 31. Nf3 Rc3 32. c5 Bb3 33. Ne1
Bd4 34. Nxd3 dxc5 (34... Rxd3 {wouldn't change anything:} 35. Rxd3 Bxg1 36.
Rxb3 Bd4 37. cxd6 exd6 38. Rd3 $18) 35. Qf2 Rf7 36. Rc1 cxb4 37. Rxc3 bxc3 38.
Qe1 1-0

[Event "EU-Cup 18th"]
[Site "Kallithea"]
[Date "2002.09.23"]
[Round "2.3"]
[White "Bednar, Jaromir"]
[Black "Romero Holmes, Alfonso"]
[Result "0-1"]
[WhiteElo "2335"]
[BlackElo "2524"]
[Annotator "Mueller,Karsten"]
[PlyCount "72"]
[EventDate "2002.09.22"]
[EventType "team-swiss"]
[EventRounds "7"]
[EventCountry "GRE"]
[SourceTitle "CBM 092"]
[Source "ChessBase"]
[SourceDate "2003.02.06"]
[SourceVersion "1"]
[SourceVersionDate "2003.02.06"]
[SourceQuality "1"]
[WhiteTeam "Corpora Lipovec"]
[BlackTeam "Reverte Albox"]
[WhiteTeamCountry "SVK"]
[BlackTeamCountry "ESP"]

1. e4 c5 2. Nf3 d6 3. d4 cxd4 4. Qxd4 Nf6 5. e5 Nc6 (5... dxe5 $2 6. Qxd8+ Kxd8
7. Nxe5 Ke8 8. Nc3 a6 9. Be2 e6 10. Bf3 $16 {Rausis,I-Djurhuus,R Skei 1993}) 6.
Bb5 Qa5+ 7. Nc3 Qxb5 8. Nxb5 Nxd4 9. Nfxd4 (9. Nbxd4 $6 dxe5 10. Nxe5 a6 $15) (
9. Nc7+ $2 Kd7 10. Nxa8 Nxc2+ 11. Kd1 Nxa1 12. exf6 gxf6 13. Be3 b6 14. Kd2 Bb7
15. Nxb6+ axb6 16. Rxa1 b5 $17 {0-1 Barendregt,J-Stein,L/Amsterdam 1969/MCL 07
(26)}) 9... dxe5 (9... Nd5 $2 10. c4 a6 11. cxd5 axb5 12. Nxb5 $16 {1-0
Chutter,J-Karnazes,Z/Stratton Mountain, Vermont US 1999 (42)}) 10. Nf3 $6 (10.
Nc7+ $1 {ist kritisch:} Kd7 (10... Kd8 $6 11. Nxa8 exd4 12. Bf4 Nd5 (12... e5
$2 13. Bxe5 Bb4+ 14. c3 Re8 15. O-O-O $18) 13. O-O-O (13. Bb8 Bg4 $2 (13... b5
$13) 14. h3 Bf5 15. O-O-O Kc8 16. Rxd4 {1-0 David,A-Balje,J/Amsterdam 1996/EXT
96op2 (16)}) 13... Nxf4 14. Rxd4+ Bd7 15. Rxf4 g6 $13 {0-1 Messa,R-Nunn,J/
Lugano 1982/MCL 06/[Nunn] (36). (36)}) 11. Nxa8 exd4 12. Bf4 Nd5 (12... e5 13.
Bxe5 Bd6 $13 {0-1 Haznedaroglu,K-Iashvili,A/Ankara TUR 2002/The Week in Chess
406 (52)}) 13. O-O-O (13. Bb8 $5 Kc6 14. O-O-O e5 15. Bxe5 Bc5 16. Bxg7 Rg8 17.
Bxd4 Bxd4 18. Rxd4 Be6 19. Rc4+ Kd6 20. Rh4 Rxa8 $14 {1-0 Horn,E-Gustafsson,T/
Skelleftea SWE 2001/The Week in Chess 336 (40)}) 13... e6 14. Rxd4 Bc5 15. Rc4
Kc6 (15... b6 16. Bg3 Bb7 17. Nc7 Nxc7 18. Bxc7 Bd5 19. Rxc5 bxc5 20. Bf4 c4 {
1/2-1/2 Dmitriev-Zilberstein,V/USSR 1984/Inf 38 (20)}) 16. b4 $2 (16. Nc7 Nxf4
17. Rxf4 Kxc7 18. Rxf7+ $15) 16... Nxb4 17. Nc7 (17. Be3 b6 18. Bxc5 bxc5 19.
a3 Nd5 20. Rg4 Rg8 $17) 17... b5 18. Re4 Nxa2+ 19. Kb2 Nb4 20. Rd1 Nd5 21. Nxd5
exd5 22. Re2 a5 $17 {0-1 Dzhumaev,M-Vladimirov,E/Abu Dhabi UAE 2001/The Week
in Chess 356 (67)}) (10. Ne2 $6 Nd5 $6 (10... Kd7 $5) 11. Nec3 Nxc3 (11... Nb4
$5) 12. Nc7+ Kd8 13. Nxa8 Nd5 14. O-O $2 (14. Bg5 $142) 14... b5 $15 {1/2-1/2
Mariotti,S-Miles,A/Baerum 1980/MCD-r8 (25)}) 10... Nd5 $15 {wegen des
Läuferpaares.} 11. Nxe5 (11. c4 Bd7 12. Nxe5 Bxb5 13. cxb5 e6 $15) 11... a6 12.
Nd4 (12. c4 axb5 13. cxd5 e6 $15) 12... f6 13. Nd3 e5 14. Nb3 Bf5 15. Ke2 Rc8
16. c3 Kf7 17. Be3 $6 (17. Rd1 Be6 $15 (17... Be7 $2 18. Nxe5+ $1)) 17... Be7
18. Rhd1 Rhd8 19. f3 $2 (19. Rac1 $142 $17) 19... Rxc3 $3 {[%mdl 4160] wickelt
auf instruktive Weise in ein gewonnenes Endspiel ab.} 20. Nxe5+ (20. bxc3 Nxc3+
21. Ke1 Nxd1 22. Nxe5+ fxe5 23. Rxd1 {mit Übergang zur Partie.}) 20... fxe5 21.
bxc3 Nxc3+ 22. Ke1 Nxd1 23. Rxd1 Rxd1+ 24. Kxd1 Be6 25. Nc5 Bxc5 26. Bxc5 Bxa2
{das ungleichfarbige Läuferendspiel ist wegen der beiden verbundenen
Freibauern für Schwarz gewonnen. Er sollte allerdings aufpassen, dass diese
nicht schwarzfeldrig blockiert werden.} 27. Kc2 Ke6 28. Kc3 Kd5 29. Bf8 g6 30.
Bh6 a5 31. Be3 Kc6 32. f4 exf4 33. Bxf4 b5 34. g4 b4+ $1 (34... a4 $4 35. Kb4
$11) 35. Kd4 a4 36. h4 a3 (36... a3 37. Bc1 Kb5 38. g5 (38. Ke5 Ka4 39. Kf6 b3
40. Kg7 b2 $19) 38... Ka4 39. Kd3 Be6 40. Kc2 Bf5+ 41. Kd2 b3 42. Kc3 Be4 $19)
0-1